مكتبة جامعة عجلون الوطنية

فهرس بحث المكتبة

Normal view MARC view
  • الأغدية -- الرقابة الصناعية -- قوانين وتشريعات

Entry Topical Term

Number of records used in: 1

001 - CONTROL NUMBER

  • control field: 7074

003 - CONTROL NUMBER IDENTIFIER

  • control field: JO-AjAnu

005 - DATE AND TIME OF LATEST TRANSACTION

  • control field: 20230606071439.0

008 - FIXED-LENGTH DATA ELEMENTS

  • fixed length control field: 230606|| aca||aabn | a|a d

040 ## - CATALOGING SOURCE

  • Original cataloging agency: JO-AjAnu
  • Transcribing agency: JO-AjAnu

150 ## - HEADING--TOPICAL TERM

  • Topical term or geographic name entry element: الأغدية -- الرقابة الصناعية -- قوانين وتشريعات

670 ## - SOURCE DATA FOUND

  • Source citation: Work cat.: (JO-AjAnu)3662: رجب ، محمد حسيب حافظ , author 7073, التشريعات المتعلقة بالرقابة عاى الأغذية = FOOD CONTROL LEGISLATION